Albania : Staff Report for the 1999 Article IV Consultation, Request for the Second Annual Arrangement Under the Enhanced Structural Adjustment Facility, and Request for Augmentation.

This paper reviews Albania's 1999 Article IV Consultation, Request for the Second Annual Arrangement Under the Enhanced Structural Adjustment Facility, and a Request for Augmentation. Inflation fell to 2 percent in March 1999. The return to growth and low inflation reflected the government'...

Descrición completa

Detalles Bibliográficos
Autor Corporativo: International Monetary Fund
Formato: Revista
Idioma:English
Publicado: Washington, D.C. : International Monetary Fund, 1999.
Series:IMF Staff Country Reports; Country Report ; No. 1999/050
Acceso en liña:Full text available on IMF
LEADER 01748cas a2200241 a 4500
001 AALejournalIMF000889
008 230101c9999 xx r poo 0 0eng d
020 |c 5.00 USD 
020 |z 9781451800623 
022 |a 1934-7685 
040 |a BD-DhAAL  |c BD-DhAAL 
110 2 |a International Monetary Fund. 
245 1 0 |a Albania :   |b Staff Report for the 1999 Article IV Consultation, Request for the Second Annual Arrangement Under the Enhanced Structural Adjustment Facility, and Request for Augmentation. 
264 1 |a Washington, D.C. :  |b International Monetary Fund,  |c 1999. 
300 |a 1 online resource (67 pages) 
490 1 |a IMF Staff Country Reports 
500 |a <strong>Off-Campus Access:</strong> No User ID or Password Required 
500 |a <strong>On-Campus Access:</strong> No User ID or Password Required 
506 |a Electronic access restricted to authorized BRAC University faculty, staff and students 
520 3 |a This paper reviews Albania's 1999 Article IV Consultation, Request for the Second Annual Arrangement Under the Enhanced Structural Adjustment Facility, and a Request for Augmentation. Inflation fell to 2 percent in March 1999. The return to growth and low inflation reflected the government's adherence to strong fiscal consolidation efforts. The domestically financed component of the deficit was reduced to 6.4 percent of GDP in 1998 from 10.8 percent of GDP in 1997. The external current account deficit also fell sharply from 12 percent of GDP in 1997 to 6 percent of GDP. 
538 |a Mode of access: Internet 
830 0 |a IMF Staff Country Reports; Country Report ;  |v No. 1999/050 
856 4 0 |z Full text available on IMF  |u http://elibrary.imf.org/view/journals/002/1999/050/002.1999.issue-050-en.xml  |z IMF e-Library